| 000 | 00561nam a2200217Ia 4500 | ||
|---|---|---|---|
| 003 | OSt | ||
| 005 | 20240808092627.0 | ||
| 008 | 210210b1988 xxu||||| |||| 00| 0 eng d | ||
| 040 | _cAL | ||
| 041 | _aEnglish | ||
| 082 | _a809.88914 SAHK | ||
| 100 |
_aSAHITYA AKADEMI. _9175660 |
||
| 245 | _aKerala Varma: Makers of Indian Literature | ||
| 260 |
_aN D _bSahitya Akademi _c1988 |
||
| 300 | _a106 | ||
| 650 |
_aKerala Varma _9175661 |
||
| 690 |
_aIndian Literature _9175662 |
||
| 700 |
_aP K Narayana Pillai. _9175663 |
||
| 906 | _a053769 | ||
| 942 |
_2ddc _cBK |
||
| 999 |
_c101447 _d101447 |
||